Flaga kraju + kształt Quiz #1 - Statystyki

Ogólne statystyki
  • Ten quiz został rozwiązany 40 razy
  • Średni wynik to 14 z 16
Statystyki odpowiedzi
Obrazkowy Odpowiedź % Poprawnych
Francja
100%
Indonezja
100%
Iran
100%
Niemcy
97%
Indie
94%
Kosowo
94%
Republika Południowej Afryki
94%
Kazachstan
91%
Panama
83%
Singapur
83%
Monako
77%
Mali
74%
Tajwan
74%
Afganistan
63%
Palau
63%
Papua Nowa Gwinea
63%
Nie znaleziono quizów pasujących do podanych kryteriów
Rozkład punktacji
Procent ludzi z każdym wynikiem
Percentyl według liczby udzielonych odpowiedzi
Twoja historia wyników
Nie rozwiązałeś tego quizu